000 00565nam a2200217Ia 4500
005 20250108125203.0
008 008 250107s9999 xx 000 0 eng d
037 _aTB
040 _aCRL
_beng
_cCRL
041 _aeng
_2eng
084 _aI Q5
084 _qCRL
100 _aYogesh Singh Au.
245 0 _aConstitution of India: as on 26th November 2021
_cYogesh Singh Au.
260 _aDelhi, India
_bUniversity of Delhi
_c3585
300 _a402p.
365 _a
_b65.1
650 _aHISTORY
942 _cTB
_hI Q5
999 _c1235973
_d1235973